000 01599nam a2200349 i 4500
003 IT-RoINE
005 20191007101630.0
008 960429r19921805sp |r 001|||spa|d
020 _a8434005093 (O.c.)
020 _a8434005107 (T. 1)
020 _a8434005115 (T. 2)
020 _a8434005123 (T. 3)
020 _a8434005131 (T. 4)
020 _a843400514X (T. 5)
020 _a8434005158 (T. 6)
040 _aUCA-HUM
_cIT-RoINE
_dIT-RoINE
110 2 _aEspaña
_916124
240 1 0 _aNovísima recopilación, 1805.
245 1 0 _aNovisima recopilación de las Leyes de España :
_bdividida en XII libros :
_ben que se reforma la Recopilación publicada por el Señor Don Felipe II en el año de 1567, reimpresa últimamente en el de 1775, y se incorporan las pragmáticas, cédulas, decretos, órdenes y resoluciones Reales, y otras providencias no recopiladas, y expedidas hasta el de 1804 /
_cmandada formar por el Señor Don Carlos IV.
250 _a2ª ed., [Ed. facs.]
260 _aMadrid :
_bBoletin Oficial del Estado,
_c1992.
300 _a6 v. ;
_c31 cm.
336 _2rdacontent
_atext
337 _2rdamedia
_aunmediated
338 _2rdacarrier
_avolume
500 _aIncluye índices.
505 _aT. I. Libros I-II -- T. II. Libros III-IV-V -- T. III. Libros VI-VII -- T. IV. Libros VIII-IX -- T. V. Libros X-XI-XII -- T. VI. Índices ; Suplemento.
534 _aReprod. facs. de la ed. de: Madrid, 1805-1807.
600 0 4 _aCarlos
_bIV,
_cRey de España,
_916779
_d1748-1819
650 0 4 _aLegislación
_zEspaña
_xHistoria
_xFuentes
_963182
942 _cMTS
999 _c32211
_d32211